| 000 | 00000nas 2200000zi 4500 |
| 001 | 9.929799 |
| 003 | CaOODSP |
| 005 | 20250107131142 |
| 006 | m o d f |
| 007 | cr cn |||||||| |
| 008 | 231101c20229999oncar p o f0###b0fre|d |
| 022 | |a2817-8351 |
| 040 | |aCaOODSP|bfre|erda|cCaOODSP |
| 043 | |an-cn--- |
| 086 | 1 |aPS61-54F-PDF |
| 110 | 2 |aGendarmerie royale du Canada.|eauteur, |eorganisme de publication. |
| 222 | 0|aRapport annuel du ministre de la Sécurité publique sur l'application de l'article 83.3 du Code criminel, Engagement assorti de conditions |
| 245 | 10|aRapport annuel du ministre de la Sécurité publique sur l'application de l'article 83.3 du Code criminel, Engagement assorti de conditions. |
| 264 | 1|a[Ottawa] : |bGendarmerie royale du Canada = Royal Canadian Mounted Police, |c[2023]- |
| 310 | |aAnnuel |
| 336 | |atexte|btxt|2rdacontent/fre |
| 337 | |ainformatique|bc|2rdamedia/fre |
| 338 | |aressource en ligne|bcr|2rdacarrier/fre |
| 362 | 1 |aParaît depuis : 15 juillet 2021/14 juillet 2022. |
| 500 | |aPublié aussi en anglais sous le titre : Annual report of the Minister of Public Safety concerning Criminal Code section 83.3 Recognizance with conditions. |
| 588 | |aDescription d'après : 2021/2022. |
| 588 | |aDernière livraison consultée : 2021/2022. |
| 610 | 26|aGendarmerie royale du Canada|vPériodiques. |
| 610 | 16|aCanada |tLoi antiterroriste 2015 |vPériodiques. |
| 650 | 6|aTerrorisme|zCanada|xPrévention|vPériodiques. |
| 650 | 6|aArrestation (Méthodes policières)|vPériodiques. |
| 655 | 7|aPériodiques|2rvmgf |
| 710 | 1 |aCanada. |bSécurité publique Canada (2007), |eorganisme de publication. |
| 775 | 08|tAnnual report of the Minister of Public Safety concerning Criminal Code section 83.3 Recognizance with conditions.|w(CaOODSP)9.929800 |